Normal view
MARC view
- Bar T. Harder
Entry Personal Name
001 - CONTROL NUMBER
- control field: 22520
003 - CONTROL NUMBER IDENTIFIER
- control field: NUST
005 - DATE AND TIME OF LATEST TRANSACTION
- control field: 20191003101626.0
008 - FIXED-LENGTH DATA ELEMENTS
- fixed length control field: 191003|| aca||aabn | a|a d
040 ## - CATALOGING SOURCE
- Original cataloging agency: NUST
- Transcribing agency: NUST
100 ## - HEADING--PERSONAL NAME
- Personal name: Bar T. Harder
670 ## - SOURCE DATA FOUND
- Source citation: Work cat.: (NUST): Bar T. Harder, Facilities partnerships in transportation research, 2003
